| 000 | 00748nam a2200229 a 4500 | ||
|---|---|---|---|
| 001 | 000009773 | ||
| 005 | 20250228152923.0 | ||
| 008 | 091001s1994 dr a r 000 p spa d | ||
| 040 |
_aDO-SdBNP _bspa _cBNPHU |
||
| 082 |
_aRD861.44 _bC352c |
||
| 100 | 1 |
_aCastillo, Efraím, _d1940- _928022 |
|
| 245 | 1 | 0 |
_aConfín del polvo / _cEfraim Castillo; ilustraciónes de Ramón Oviedo. |
| 260 |
_aSanto Domingo : _bTaller, _c1994. |
||
| 300 |
_a147 p. : _bil. ; _c29 cm. |
||
| 490 | 1 |
_aCuadernos de poética _v1 |
|
| 590 | _aInventariado, 2018/BT | ||
| 650 | 0 |
_aPoesía dominicana _966 |
|
| 650 | 0 |
_aLiteratura dominicana. _967 |
|
| 700 | 1 |
_aOviedo, Ramón. _924678 |
|
| 830 | 0 |
_aCuadernos de poética _n1 _924679 |
|
| 910 | _aValidado. Control de calidad. MFF | ||
| 999 |
_c9533 _d9533 |
||